01546nam a2200337 a 4500001001200000003000800012006001900020007001500039008004100054010001700095020002800112040002100140035002100161050002800182082001900210245015300229260003700382300002500419500013800444504005100582533015200633600006000785650006000845650007800905655002900983700001701012700002101029710001701050856012601067999001501193ebr10005708CaPaEBRm u cr cn|||||||||000828s2001 txua sb 101 0deng  z 00064863  z0875652379 (alk. paper) aCaPaEBRcCaPaEBR a(OCoLC)30060446714aPS3531.O752bZ62 2001eb04a813/.52aB22100aFrom Texas to the world and backh[electronic resource] :bessays on the journeys of Katherine Anne Porter /cedited by Mark Busby & Dick Heaberlin. aFort Worth :bTCU Press,cc2001. axiii, 249 p. :bill. a"Sixteen essays first presented at a May 15, 1998 conference ... at Southwest Texas State University and held in San Marcos"--Introd. aIncludes bibliographical references and index. aElectronic reproduction.bPalo Alto, Calif. :cebrary,d2013.nAvailable via World Wide Web.nAccess may be limited to ebrary affiliated libraries.10aPorter, Katherine Anne,d1890-1980xTravelvCongresses. 0aAuthors, Americany20th centuryvBiographyvCongresses. 0aWomen and literaturezSouthern StatesxHistoryy20th centuryvCongresses. 7aElectronic books.2local1 aBusby, Mark.1 aHeaberlin, Dick.2 aebrary, Inc.40uhttp://site.ebrary.com/lib/rucke/Doc?id=10005708zAn electronic book accessible through the World Wide Web; click to view c3414d3414